000 00704nas a2200229 4500
001 BR8300505
003 BR-BrBNA
005 20231205085422.0
007 ta
008 230509b bl.|||p| |||| 00| 00por d
040 _aBR-BrBNA
_bpor
_cBiblioteca Nacional de Agricultura
041 _a(Pt)
072 _aH20
100 1 _aReis, E.M.
245 1 _aPodridoes radiculares do trigo [Triticum aestivum]
650 _aTRIGO
650 _aPODRIDAO RADICULAR
650 _aRAIZ
773 0 _tInforme Agropecuario - Empresa de Pesquisa Agropecuaria de Minas Gerais (Brazil)
_xISSN 0100-3364
_g(Jan 1983), v. 9(97) p. 43-47
_wBR8300505
909 _a202311
_bLúcia
_c55
_dLúcia Elande
942 _2AGRIS
_n0
_cANA
999 _c111325
_d111325